| 000 | 00848naa a2200229 4500 | ||
|---|---|---|---|
| 001 | 45434 | ||
| 003 | ES-MaCES | ||
| 005 | 20141118105700.0 | ||
| 008 | 000000s2014 xxk||||| t||||||| ||eng d | ||
| 040 |
_aES-MaCES _bspa _cES-MaCES |
||
| 100 | 1 |
_935367 _aKnell, Markus |
|
| 245 | 1 | 0 |
_aEfficiency wages, staggered wages, and union wage-setting _cBy Markus Knell |
| 500 | _aResumen | ||
| 504 | _aBibliografía:p. 869-870 | ||
| 650 | 4 |
_928387 _asalario |
|
| 650 | 4 |
_928388 _adeterminación del salario |
|
| 650 | 4 |
_929432 _amodelo matemático |
|
| 653 | 1 | 0 | _aRelaciones laborales-Empleo |
| 773 | 0 |
_981856 _dOxford (Walton Street, OX2 6DP) Oxford University Press _o084761 _tOxford economic papers _w(ES-MaCES)25202 _gvol. 66, no. 3 (July 2014) {10186 R. 084761} ;p. 848-870 |
|
| 902 | _aART Artículo de revista | ||
| 942 |
_2CES _cAR _h2.0. |
||
| 999 |
_c45434 _d45434 |
||